书目信息 |
| 题名: |
医疗事故应对与医疗纠纷调解实例
|
|
| 作者: | 徐运全 主编 | |
| 分册: | ||
| 出版信息: | 呼和浩特 内蒙古人民出版社 2016 |
|
| 页数: | 258页 | |
| 开本: | 24cm | |
| 丛书名: | 现代公民法律实用丛书 | |
| 单 册: | ||
| 中图分类: | D922.164 , D925.104 | |
| 科图分类: | ||
| 主题词: | 医疗事故--yi liao shi gu--处理--基本知识--中国 , 医疗事故--yi liao shi gu--民事纠纷--处理--基本知识--中国 | |
| 电子资源: | ||
| ISBN: | 978-7-204-14207-1 | |
| 000 | 01160nam0 22002771 450 | |
| 001 | 0118172304 | |
| 005 | 20170618172304.0 | |
| 010 | @a978-7-204-14207-1@dCNY35.00 | |
| 100 | @a20170222d2016 em y0chiy50 ea | |
| 101 | 0 | @achi |
| 102 | @aCN@b150000 | |
| 105 | @ay z 000yy | |
| 106 | @ar | |
| 200 | 1 | @a医疗事故应对与医疗纠纷调解实例@Ayi liao shi gu ying dui yu yi liao jiu fen tiao jie shi li@f徐运全主编 |
| 210 | @a呼和浩特@c内蒙古人民出版社@d2016 | |
| 215 | @a258页@d24cm | |
| 225 | 2 | @a现代公民法律实用丛书@Axian dai gong min fa lv shi yong cong shu@e应用版 |
| 330 | @a本书分为医疗事故与医疗过错、医患关系与医疗纠纷、医疗纠纷证据与鉴定、医疗纠纷诉讼与赔偿、举案说法共五个部分,内容有医疗事故、医疗过错、医疗意外、医疗过失、医生护士失职行为、误诊与误治、医疗事故的级别、构成医疗事故的条件等内容。 | |
| 461 | 0 | @12001 @a现代公民法律实用丛书 |
| 606 | 0 | @a医疗事故@Ayi liao shi gu@x处理@x基本知识@y中国 |
| 606 | 0 | @a医疗事故@Ayi liao shi gu@x民事纠纷@x处理@x基本知识@y中国 |
| 690 | @aD922.164@v5 | |
| 690 | @aD925.104@v5 | |
| 701 | 0 | @a徐运全@Axu yun quan@4主编 |
| 801 | 0 | @aCN@bTANGWEI@c20170615 |
| 905 | @b1009239-44@dD922.164@e1560@f6 | |
| 医疗事故应对与医疗纠纷调解实例/徐运全主编 .-呼和浩特:内蒙古人民出版社,2016 |
| 258页;24cm.-(现代公民法律实用丛书:应用版) |
| ISBN 978-7-204-14207-1:CNY35.00 |
| 本书分为医疗事故与医疗过错、医患关系与医疗纠纷、医疗纠纷证据与鉴定、医疗纠纷诉讼与赔偿、举案说法共五个部分,内容有医疗事故、医疗过错、医疗意外、医疗过失、医生护士失职行为、误诊与误治、医疗事故的级别、构成医疗事故的条件等内容。 |
| ● |
| 相关链接 |
|
|
|
|
正题名:医疗事故应对与医疗纠纷调解实例
索取号:D922.164/1560
 
预约/预借
| 序号 | 登录号 | 条形码 | 馆藏地/架位号 | 状态 | 备注 |
| 1 | 1009239 | 210092399 | 第一样本阅览室/ [索取号:D922.164/1560] | 在馆 | |
| 2 | 1009240 | 210092406 | 教育系资料室/ [索取号:D922.164/1560] | 在馆 | |
| 3 | 1009241 | 210092415 | 教育系资料室/ [索取号:D922.164/1560] | 在馆 | |
| 4 | 1009242 | 210092424 | 教育系资料室/ [索取号:D922.164/1560] | 在馆 | |
| 5 | 1009243 | 210092433 | 第一借阅区/ [索取号:D922.164/1560] | 在馆 | |
| 6 | 1009244 | 210092442 | 第一借阅区/ [索取号:D922.164/1560] | 在馆 |